000
00424nam a22001337a 4500
020
_a
8131715310
082
_a
302.23
100
_a
Robert McKenzie
245
_a
Comparing media from around the world
260
_a
New Delhi
_b
Pearson education
_c
2006.
300
_a
372p
942
_c
BK
999
_c
2816
_d
2816